Pohybový systém s jednosmerným motorom

Guardado en:
Detalles Bibliográficos
Autor principal: Štipčák, Marek (Autor)
Otros Autores: Dúbravský, Jozef (Orientador)
Formato: Manuscrito Libro
Lenguaje:eslovaco
Publicado: 2017
Materias:
Acceso en línea:http://is.stuba.sk/zp/portal_zp.pl?podrobnosti=127900
Etiquetas: Agregar Etiqueta
Sin Etiquetas, Sea el primero en etiquetar este registro!

MARC

LEADER 00000ntm a22000003a 4500
001 stuzp60524
003 SK-STU
005 20170711141923.4
007 ta
008 150427s2015----xo-----f-mn---000-0-slo-d
040 |a STU  |b slo 
041 0 |a slo 
044 |a xo 
100 1 |a Štipčák, Marek  |u 031000  |4 aut  |U FEI Fakulta elektrotechniky a informatiky  |T FEI Ústav robotiky a kybernetiky  |X 72521  |U E011  |Y 356  |7 72521 
242 0 1 |a Motion system with direct current motor  |y eng 
245 1 0 |a Pohybový systém s jednosmerným motorom 
260 |c 2017 
300 |a 51 s.,  |b CD-ROM 
650 4 |a JM  |2 slo 
650 4 |a metóda pole placement  |2 slo 
650 4 |a regulátor  |2 slo 
650 4 |a DC motor  |2 eng 
650 4 |a pole placement method  |2 eng 
650 4 |a controller  |2 eng 
700 1 |a Dúbravský, Jozef  |u 031000  |k Z1  |4 ths  |U FEI Fakulta elektrotechniky a informatiky  |T FEI Ústav robotiky a kybernetiky  |X 4934  |U E011  |Y 356  |7 A000004934 
856 4 |u http://is.stuba.sk/zp/portal_zp.pl?podrobnosti=127900 
996 |b 284ER02343  |c E*Bc- 2343  |l EE31  |s P  |a 0  |w stuzp60524_0001